Vista normal
Vista MARC
Entrada Personal Name
Número de registros utilizados en: 1
001 - CONTROL NUMBER
- control field: 918
003 - CONTROL NUMBER IDENTIFIER
- control field: AR-EsCIE
005 - DATE AND TIME OF LATEST TRANSACTION
- control field: 20250820092543.0
008 - FIXED-LENGTH DATA ELEMENTS
- fixed length control field: 250820|| aca||aabn | a|a d
040 ## - CATALOGING SOURCE
- Original cataloging agency: AR-EsCIE
100 1# - HEADING--PERSONAL NAME
- Personal name: Havrylenko, Samuel
670 ## - SOURCE DATA FOUND
- Source citation: Vivero Isla Victoria (1902-1970). Vol. 11 nº3 (2005) p. 14-16.
